Nature conservation and human rights (Record no. 117399)

MARC details
000 -LEADER
fixed length control field 01566cam a2200301 4500
001 - CONTROL NUMBER
control field ABS67877
008 - FIXED-LENGTH DATA ELEMENTS--GENERAL INFORMATION
fixed length control field 040525n2004 000 0 eng u
035 ## - SYSTEM CONTROL NUMBER
System control number (Sirsi) u126289
100 ## - MAIN ENTRY--PERSONAL NAME
Personal name Macrory, R.
245 ## - TITLE STATEMENT
Title Nature conservation and human rights
260 ## - PUBLICATION, DISTRIBUTION, ETC.
Date of publication, distribution, etc. 2004
490 ## - SERIES STATEMENT
Series statement ENDS Report
Volume/sequential designation (351) April 2004, 61(1)
520 ## - SUMMARY, ETC.
Summary, etc. In the case, "Trailer and Marina (Leven) Ltd v SoS Environment and another" ([2004] EWHC 153 (Admin)) the HC has ruled that the tougher compensation provisions concerning Sites of Special Scientific Interest introduced under the Countryside and Rights of Way Act 2000 are compatible with the Convention for the Protection of Human Rights and Fundamental Freedoms. View "Trailer" judgment at www.bailii.org. [Taken from journal abstract].
590 ## - LOCAL NOTE (RLIN)
Local note ABS
590 ## - LOCAL NOTE (RLIN)
Local note ABS
650 ## - SUBJECT ADDED ENTRY--TOPICAL TERM
Topical term or geographic name entry element TRAILER AND MARINA (LEVEN) LTD V SOS ENVIRONMENT AND ANOTHER
650 ## - SUBJECT ADDED ENTRY--TOPICAL TERM
Topical term or geographic name entry element COUNTRYSIDE AND RIGHTS OF WAY ACT 2000
650 ## - SUBJECT ADDED ENTRY--TOPICAL TERM
Topical term or geographic name entry element COMMERCIAL ACTIVITY
650 ## - SUBJECT ADDED ENTRY--TOPICAL TERM
Topical term or geographic name entry element COMMERCIAL DEVELOPMENTS
650 ## - SUBJECT ADDED ENTRY--TOPICAL TERM
Topical term or geographic name entry element COMPENSATION
650 ## - SUBJECT ADDED ENTRY--TOPICAL TERM
Topical term or geographic name entry element CONVENTION FOR THE PROTECTION OF HUMAN RIGHTS AND FUNDAMENTAL FREEDOMS
650 ## - SUBJECT ADDED ENTRY--TOPICAL TERM
Topical term or geographic name entry element SITES OF SPECIAL SCIENTIFIC INTEREST
650 ## - SUBJECT ADDED ENTRY--TOPICAL TERM
Topical term or geographic name entry element CANALS
690 ## - LOCAL SUBJECT ADDED ENTRY--TOPICAL TERM (OCLC, RLIN)
Topical term or geographic name as entry element RURAL-NATURE CONSERVATION
856 ## - ELECTRONIC LOCATION AND ACCESS
Uniform Resource Identifier <a href="https://www.bailii.org/cgi-bin/markup.cgi?doc=/ew/cases/EWHC/Admin/2004/153.html">https://www.bailii.org/cgi-bin/markup.cgi?doc=/ew/cases/EWHC/Admin/2004/153.html</a>
Public note View "Trailer" judgment on the BAILII website...
856 ## - ELECTRONIC LOCATION AND ACCESS
Uniform Resource Identifier <a href="https://www.bailii.org/cgi-bin/markup.cgi?doc=/ew/cases/EWHC/Admin/2004/153.html">https://www.bailii.org/cgi-bin/markup.cgi?doc=/ew/cases/EWHC/Admin/2004/153.html</a>
Public note View "Trailer" judgment on the BAILII website...
942 ## - ADDED ENTRY ELEMENTS (KOHA)
Suppress in OPAC 0
Holdings
Withdrawn status Lost status Source of classification or shelving scheme Damaged status Not for loan Home library Current library Shelving location Date acquired Total Checkouts Full call number Barcode Date last seen Copy number Price effective from Koha item type
    Dewey Decimal Classification     London London Journal article 25/05/2004   ABS67877 126289-1001 06/08/2019 1 06/08/2019 Journal article